Расчет рабочих режимов электрической сети, питающей тяговую нагрузку, и их влияние на работу релейной защиты; Ресурсоэффективным технологиям - энергию и энтузиазм молодых

Podrobná bibliografie
Parent link:Ресурсоэффективным технологиям - энергию и энтузиазм молодых.— 2013.— [С. 42-43]
Hlavní autor: Гречушников В. В. Владислав Викторович
Korporativní autor: Национальный исследовательский Томский политехнический университет (ТПУ) Энергетический институт (ЭНИН) Кафедра электроэнергетических систем (ЭЭС)
Další autoři: Шестакова В. В. Вера Васильевна
Shrnutí:Заглавие с титульного листа
Jazyk:ruština
Vydáno: 2013
Edice:Традиционная и атомная энергетика, альтернативные технологии производства энергии
Témata:
On-line přístup:http://www.lib.tpu.ru/fulltext/c/2013/C08/018.pdf
Médium: MixedMaterials Elektronický zdroj Kapitola
KOHA link:https://koha.lib.tpu.ru/cgi-bin/koha/opac-detail.pl?biblionumber=241054

MARC

LEADER 00000naa2a2200000 4500
001 241054
005 20251209162646.0
035 |a (RuTPU)RU\TPU\book\262319 
035 |a RU\TPU\book\262311 
090 |a 241054 
100 |a 20130701d2013 k y0rusy50 ca 
101 0 |a rus 
102 |a RU 
135 |a drcn ---uucaa 
200 1 |a Расчет рабочих режимов электрической сети, питающей тяговую нагрузку, и их влияние на работу релейной защиты  |f В. В. Гречушников, В. В. Шестакова 
215 |a 1 файл(429 Кб) 
225 1 |a Традиционная и атомная энергетика, альтернативные технологии производства энергии 
300 |a Заглавие с титульного листа 
320 |a [Библиогр.: с. 43 (1 назв.)] 
337 |a Adobe Reader 
463 1 |0 (RuTPU)RU\TPU\book\260564  |t Ресурсоэффективным технологиям - энергию и энтузиазм молодых  |o сборник докладов IV Университетской конференции студентов Элитного технического образования, г. Томск, 24 -27 апреля 2013 г.  |f Национальный исследовательский Томский политехнический университет (ТПУ)  |v [С. 42-43]  |d 2013 
610 1 |a труды учёных ТПУ 
610 1 |a электронный ресурс 
610 1 |a электрические сети 
610 1 |a тяговые нагрузки 
610 1 |a релейная защита 
610 1 |a железнодорожный транспорт 
700 1 |a Гречушников  |b В. В.  |c специалист в области электроэнергетики  |c старший преподаватель Томского политехнического университета  |f 1991-  |g Владислав Викторович  |3 (RuTPU)RU\TPU\pers\37218  |9 20196 
701 1 |a Шестакова  |b В. В.  |c специалист в области электротехники  |c доцент Томского политехнического университета, кандидат технических наук  |f 1968-  |g Вера Васильевна  |3 (RuTPU)RU\TPU\pers\26814  |9 12439 
712 0 2 |a Национальный исследовательский Томский политехнический университет (ТПУ)  |b Энергетический институт (ЭНИН)  |b Кафедра электроэнергетических систем (ЭЭС)  |3 (RuTPU)RU\TPU\col\18675 
801 1 |a RU  |b 63413507  |c 20130205 
801 2 |a RU  |b 63413507  |c 20220329  |g RCR 
856 4 |u http://www.lib.tpu.ru/fulltext/c/2013/C08/018.pdf 
942 |c CF